[Event "San Sebastian de los Reyes op 20th"]
[Site "San Sebastian"]
[Date "2018.12.01"]
[Round "1"]
[White "Lopez Andujar Ocana, Antonio"]
[Black "Martinez Miura, Enrique"]
[Result "0-1"]
[WhiteElo "2100"]
[BlackElo "1627"]
[PlyCount "62"]
[EventDate "2018.12.01"]
[EventType "swiss"]
[EventRounds "9"]
[EventCountry "ESP"]
[SourceTitle "CBM 187 Extra"]
[Source "ChessBase"]
[SourceDate "2018.11.04"]
[SourceVersion "1"]
[SourceVersionDate "2018.11.04"]
[SourceQuality "1"]

1. d4 d5 2. c4 c6 3. Nc3 e6 4. e4 dxe4 5. Nxe4 Nf6 6. Nxf6+ Qxf6 7. Nf3 Bb4+ 8. Bd2 Bxd2+ 9. Qxd2 Nd7 10. 0-0-0 b6 11. Bd3 Bb7 12. Rhe1 0-0 13. Be4 Rfd8 14. Kb1 Rab8 15. Qc2 g6 16. Qa4 b5 17. Qxa7 bxc4 18. Rc1 Ba8 19. Qa6 Nc5 20. Qxc4 Nxe4 21. Rxe4 c5 22. Re2 cxd4 23. Ne1 Bd5 24. Qd3 e5 25. f3 Qe6 26. a3 Rb3 27. Qc2 Qa6 28. Rd2 Qxa3 29. Qc5 Qa4 30. Nd3 Rb5 31. Qc7 Ba2+ 0-1

[Event "Madrid-chT 1718"]
[Site "Madrid"]
[Date "2018.03.03"]
[Round "12.24"]
[White "Lopez Andujar Ocana, Antonio"]
[Black "Renteria Becerra, Jorge Elicer"]
[Result "1-0"]
[WhiteElo "2094"]
[BlackElo "2292"]
[PlyCount "87"]
[EventDate "2017.11.19"]
[EventType "team-tourn"]
[EventRounds "14"]
[EventCountry "ESP"]
[SourceTitle "EXT 2019"]
[Source "ChessBase"]
[SourceDate "2018.10.10"]
[SourceVersion "1"]
[SourceVersionDate "2018.10.10"]
[SourceQuality "1"]
[WhiteTeam "Villaverde"]
[BlackTeam "Blanco y Negro"]
[WhiteTeamCountry "ESP"]
[BlackTeamCountry "ESP"]

1. c4 Nf6 2. Nc3 g6 3. g3 Bg7 4. Bg2 0-0 5. d3 c5 6. e4 d6 7. Nge2 Nc6 8. 0-0 Rb8 9. h3 a6 10. Be3 b5 11. Rb1 Qa5 12. f4 Bd7 13. Qd2 b4 14. Nd5 Nxd5 15. exd5 Nd4 16. Nxd4 cxd4 17. Bf2 e5 18. dxe6 Bxe6 19. b3 h5 20. Rfe1 Qc5 21. Kh2 a5 22. Qe2 a4 23. Be4 axb3 24. axb3 d5 25. Bxg6 dxc4 26. bxc4 Bxc4 27. Be4 Be6 28. f5 Bd5 29. f6 Bxf6 30. Qxh5 Rfd8 31. Rbc1 Qb5 32. Rc7 Be6 33. Qh7+ Kf8 34. Bg6 Rd7 35. Rxe6 Rxc7 36. Rxf6 Qd5 37. Qh8+ Ke7 38. Rxf7+ Qxf7 39. Qe5+ Qe6 40. Qxc7+ Kf6 41. Qxb8 Qe2 42. Qd6+ Kg7 43. Qxd4+ Kh6 44. Qe3+ 1-0

[Event "Madrid-ch sf-A"]
[Site "Madrid"]
[Date "2010.01.19"]
[Round "5"]
[White "Ciuro Munoz, Ricardo"]
[Black "Lopez Andujar Ocana, Antonio"]
[Result "1-0"]
[WhiteElo "2138"]
[BlackElo "2083"]
[PlyCount "91"]
[EventDate "2010.01.11"]
[EventType "swiss"]
[EventRounds "9"]
[EventCountry "ESP"]
[SourceTitle "CBM 134 Extra"]
[Source "ChessBase"]
[SourceDate "2010.03.03"]
[SourceVersion "1"]
[SourceVersionDate "2010.03.03"]
[SourceQuality "1"]

1. e4 e5 2. Nf3 Nc6 3. Bb5 a6 4. Ba4 Nf6 5. 0-0 b5 6. Bb3 Bc5 7. c3 d6 8. d4 Bb6 9. dxe5 Nxe5 10. Nxe5 dxe5 11. Qxd8+ Kxd8 12. Bg5 Ke7 13. Nd2 h6 14. Bh4 c6 15. Nf3 Bc7 16. Nxe5 Bxe5 17. f4 Bxf4 18. Bxf6+ gxf6 19. Rxf4 Rg8 20. Raf1 Bh3 21. R1f2 Rad8 22. e5 f5 23. Rh4 Bg4 24. Rxh6 Bd1 25. g3 Rg6 26. Rh4 Bxb3 27. axb3 Ke6 28. Rh5 f6 29. exf6 Rxf6 30. b4 Rg8 31. Rh4 Ra8 32. Rhf4 Rg8 33. b3 Rgf8 34. Ra2 Ra8 35. Kg2 Rd8 36. Rxa6 Rd2+ 37. Rf2 Rxf2+ 38. Kxf2 Kd5 39. Kf3 Rf8 40. Kf4 Rh8 41. c4+ bxc4 42. bxc4+ Kxc4 43. Rxc6+ Kxb4 44. Rc2 Rh5 45. h4 Kb5 46. Re2 1-0

[Event "Madrid-ch sf-A"]
[Site "Madrid"]
[Date "2010.01.12"]
[Round "2"]
[White "Fuentes Arjona, Antonio C"]
[Black "Lopez Andujar Ocana, Antonio"]
[Result "0-1"]
[WhiteElo "2041"]
[BlackElo "2083"]
[PlyCount "118"]
[EventDate "2010.01.11"]
[EventType "swiss"]
[EventRounds "9"]
[EventCountry "ESP"]
[SourceTitle "CBM 134 Extra"]
[Source "ChessBase"]
[SourceDate "2010.03.03"]
[SourceVersion "1"]
[SourceVersionDate "2010.03.03"]
[SourceQuality "1"]

1. e4 e5 2. Nf3 Nc6 3. Bb5 a6 4. Ba4 Nf6 5. d3 b5 6. Bb3 Bc5 7. 0-0 d6 8. c3 0-0 9. h3 Qe7 10. Re1 Bd7 11. Bg5 h6 12. Bh4 g5 13. Bg3 Bb6 14. Nbd2 Nh5 15. Nxe5 Nxg3 16. Nxd7 Qxd7 17. Qf3 Ne5 18. Qxg3 Kg7 19. d4 Ng6 20. Nf3 Rae8 21. Bc2 c5 22. Rad1 Nf4 23. Qg4 Qxg4 24. hxg4 cxd4 25. Nxd4 Bxd4 26. Rxd4 Re6 27. Bb3 Rf6 28. e5 dxe5 29. Rxe5 Ng6 30. Re1 Rb8 31. g3 Rbb6 32. Kg2 Rfd6 33. Red1 Rf6 34. Re1 Rb7 35. Re8 Rfb6 36. f4 Kf6 37. Rd5 gxf4 38. Rf5+ Kg7 39. Kf3 Rd6 40. Bd5 Rbd7 41. c4 bxc4 42. Bxc4 Rd2 43. Re2 Rd1 44. Rh2 fxg3 45. Kxg3 Rg1+ 46. Kh3 Re1 47. Rhf2 Re3+ 48. Kh2 Ne5 49. R5f4 a5 50. b3 Rc3 51. a4 Nxc4 52. bxc4 Rc7 53. Rf5 R3xc4 54. Rxa5 Rxg4 55. Kh3 Rg5 56. Rxg5+ hxg5 57. Kg4 Kg6 58. Ra2 Rc3 59. Rf2 f5+ 0-1

[Event "Madrid-ch sf-A"]
[Site "Madrid"]
[Date "2009.01.19"]
[Round "4"]
[White "Fernandez Aransay, Fernando"]
[Black "Lopez Andujar Ocana, Antonio"]
[Result "0-1"]
[WhiteElo "1956"]
[BlackElo "2137"]
[PlyCount "92"]
[EventDate "2009.01.12"]
[EventType "swiss"]
[EventRounds "9"]
[EventCountry "ESP"]
[SourceTitle "CBM 128 Extra"]
[Source "ChessBase"]
[SourceDate "2009.03.05"]
[SourceVersion "2"]
[SourceVersionDate "2009.03.25"]
[SourceQuality "1"]

1. e4 e5 2. Nf3 Nc6 3. d4 exd4 4. Nxd4 Nf6 5. Nxc6 bxc6 6. Bd3 d5 7. e5 Ng4 8. 0-0 Bc5 9. Bf4 g5 10. Bd2 h5 11. Qe2 Qe7 12. c4 Rb8 13. cxd5 cxd5 14. Nc3 c6 15. Rac1 Bd4 16. b4 Nxe5 17. Rfe1 Bg4 18. Qf1 Be6 19. b5 c5 20. Kh1 Rd8 21. f4 gxf4 22. Bxf4 Ng4 23. Re2 Qf6 24. Qf3 Ne5 25. Bxe5 Bxe5 26. Bf5 Qxf5 27. Qxf5 Bxf5 28. Rxe5+ Be6 29. Na4 c4 30. Nc5 Ke7 31. Rce1 Rh6 32. a4 d4 33. a5 d3 34. Ne4 Rd5 35. Nc3 Rxe5 36. Rxe5 Kd6 37. Rg5 Rh8 38. b6 axb6 39. axb6 Kc6 40. Kg1 Rb8 41. Rxh5 Rxb6 42. Kf2 Rb3 43. Ne4 Rb5 44. Rh4 Rb2+ 45. Ke3 Re2+ 46. Kd4 Rxe4+ 0-1

[Event "Mostoles Bicentenary op"]
[Site "Mostoles"]
[Date "2008.05.30"]
[Round "9"]
[White "Burlacu, Laurentiu"]
[Black "Lopez Andujar Ocana, Antonio"]
[Result "0-1"]
[WhiteElo "2113"]
[BlackElo "2191"]
[PlyCount "92"]
[EventDate "2008.05.20"]
[EventType "swiss"]
[EventRounds "9"]
[EventCountry "ESP"]
[SourceTitle "EXT 2009"]
[Source "ChessBase"]
[SourceDate "2008.11.26"]
[SourceVersion "1"]
[SourceVersionDate "2008.11.26"]
[SourceQuality "1"]

1. e4 e5 2. Nf3 Nc6 3. Bb5 Bc5 4. c3 Nf6 5. 0-0 0-0 6. d4 Bb6 7. d5 Nb8 8. Bd3 d6 9. a4 a6 10. Bg5 Nbd7 11. b4 Re8 12. h3 Nf8 13. Nbd2 h6 14. Bh4 Ng6 15. Bg3 Nh5 16. Bh2 Nhf4 17. Bxf4 Nxf4 18. Nc4 Qf6 19. Nxb6 cxb6 20. Kh2 Bd7 21. Rg1 Rac8 22. c4 b5 23. axb5 axb5 24. Rc1 bxc4 25. Bxc4 b5 26. Bf1 Rxc1 27. Qxc1 Nxh3 28. gxh3 Qxf3 29. Qc7 Qxf2+ 30. Kh1 Bc8 31. Qxd6 Qh4 32. Qc6 Rd8 33. Qc3 Qxe4+ 34. Bg2 Qh4 35. Re1 f6 36. Re4 Qh5 37. Re1 Qe8 38. Qc5 Qd7 39. Ra1 e4 40. Ra8 f5 41. Kg1 Qb7 42. Ra7 Rxd5 43. Qf2 Rd1+ 44. Kh2 Qb8+ 45. Qg3 Qxa7 46. Bxe4 Rd2+ 0-1

[Event "Madrid-ch"]
[Site "Madrid"]
[Date "2008.03.04"]
[Round "4.2"]
[White "Vazquez Igarza, Renier"]
[Black "Lopez Andujar Ocana, Antonio"]
[Result "1-0"]
[WhiteElo "2530"]
[BlackElo "2158"]
[PlyCount "63"]
[EventDate "2008.02.26"]
[EventType "swiss"]
[EventRounds "11"]
[EventCountry "ESP"]
[SourceTitle "EXT 2024"]
[Source "ChessBase"]
[SourceDate "2023.10.10"]
[SourceVersion "1"]
[SourceVersionDate "2023.10.10"]
[SourceQuality "1"]

1. e4 e5 2. Nf3 Nf6 3. Nxe5 d6 4. Nf3 Nxe4 5. Nc3 Nf6 6. d4 Be7 7. Bg5 0-0 8. Qd2 Nc6 9. 0-0-0 Bf5 10. Qf4 Bg6 11. Bxf6 Bxf6 12. h4 h5 13. g4 hxg4 14. Qxg4 Qc8 15. Qg3 Nb4 16. Bh3 Bf5 17. a3 Bxh3 18. Rxh3 Nc6 19. Nd5 Qf5 20. Ne3 Qh5 21. Qf4 Qh6 22. Qg4 Rae8 23. Ng5 Bxg5 24. hxg5 Qg6 25. Rdh1 f6 26. Qd7 Re7 27. Qf5 Kf7 28. gxf6 Qxf6 29. Qg4 Nxd4 30. c3 Ke8 31. cxd4 Qxf2 32. Rf1 1-0

[Event "Madrid-ch"]
[Site "Madrid"]
[Date "2008.02.26"]
[Round "1.6"]
[White "Adan Bermudez, Sergio"]
[Black "Lopez Andujar Ocana, Antonio"]
[Result "1-0"]
[WhiteElo "2087"]
[BlackElo "2158"]
[PlyCount "59"]
[EventDate "2008.02.26"]
[EventType "swiss"]
[EventRounds "11"]
[EventCountry "ESP"]
[SourceTitle "EXT 2024"]
[Source "ChessBase"]
[SourceDate "2023.10.10"]
[SourceVersion "1"]
[SourceVersionDate "2023.10.10"]
[SourceQuality "1"]

1. c4 e6 2. Nf3 Nf6 3. g3 d5 4. b3 d4 5. Bb2 Nc6 6. e3 e5 7. exd4 exd4 8. Bg2 Be7 9. 0-0 0-0 10. d3 Bg4 11. h3 Bh5 12. Na3 a5 13. Nc2 Bc5 14. a3 Qd6 15. Qd2 Rab8 16. Nh4 Bg6 17. Nxg6 hxg6 18. Bxc6 bxc6 19. b4 axb4 20. axb4 Qd7 21. Kh2 Bb6 22. Ba3 Rfd8 23. Qf4 Nh5 24. Qg4 Qxg4 25. hxg4 Nf6 26. c5 Bxc5 27. bxc5 Nxg4+ 28. Kg2 Rb3 29. Rfd1 Ne5 30. Nxd4 1-0